1184 1408 1658 1656 1045 1309 1194 1549 1854 1879 1761 1343 1447 1725 1240 1783 1518 1708 1924 1842 1735 1069 1388 1716 1686 1794 1610 1381 1050 1913 1140 1716 1886 1834 1788 1778 1826 1451 1465 1456 1761 1598 1387 1429 1085 1729 1035 1885 1869 1730 1393 1178 1354 1433 1797 1970 1139 1930 1547 1966 1699 1859 1138 1656 1460 1663 1894 1071 1471 1066 1395 1826 1604 1062 1112 1784 1722 1547 1384 1867 1589 1697 1372 1730 1274 1110 1833 1203 1691 1588 1293 1615 1012 1875 1365 1241 1271 1436 1708 BCNSPRNW ULIB Ver.6.0+V

เปลี่ยนเป็นภาษาไทย

Change to English
 แสดงรายละเอียดบรรณานุกรม
  กลับหน้าหลัก

Brief Record : Get Marc (ISO 2709) : E-mail record : QR code < ปิดหน้าต่าง
LEADER : 00000nam 2200000uu 4500
001    13399121050
003     ULIB
008    020711s2544 th a 000 0 tha d
020    9742940908
050  4 HD68^bส691ค
110    กระทรวงสาธารณสุข.^bสำนักงานปลัดกระทรวงสาธารณสุข^bสถาบันพระบรมราชชนก
245    ความสามารถพื้นฐานทางด้านการบริหาร /^cสถาบันพระบรมราชชนก
250    พิมพ์ครั้งที่ 1
260    นนทบุรี :^bสถาบันพระบรมราชชนก,^c2544
300    177 หน้า
650    การบริหาร
945    ^p0^l0^i14436
999    ^aทศพร เกษรทอง
รายการนี้ยังไม่มีแท็ก
คุณยังไม่ได้ล็อกอิน คุณสามารถมีกิจกรรมร่วมกับเว็บไซต์ได้ แต่ต้องล็อกอินก่อน ::
  ล็อกอิน

รายการสื่อสารสนเทศ

ลำดับที่ ประเภท เลขเรียก/บาร์โค้ด สถานที่ สถานะ
1. วิทยาศาสตร์การแพทย์ และสุขภาพ
วิทยาศาสตร์การแพทย์ และสุขภาพ
HD68 ส691ค ฉ.1 
  Barcode: 14436
ห้องสมุดวิทยาเขตสวรรค์ประชารักษ์
►หนังสือทั่วไป
บนชั้น

รายการใกล้เคียง
    หัวเรื่อง [การบริหาร]

BibComment


ยังไม่เคยถูกคอมเมนท์

คอมเมนท์ทรัพยากรรายการนี้
  คอมเมนท์: ความสามารถพื้นฐาน..


 Copyright 2026. Bcnsprnw @Library